{"text_format":"2","workbook":"xlsx","n_sheets":5,"sheets":["Orçamento Sintético","CPU's","Encargos Sociais","BDI","Cronograma"],"not_rendered":{"charts":0,"images":0,"macros":0,"external_links":405,"defined_names":19083,"comments":0,"pivot_tables":0},"unopened":[],"bounds":{"document_bytes":16777216,"sheet_cells":100000,"run_cost":"one","rows_first":2000,"rows_last":500,"rows_between":2000,"halvings":0,"cell_chars":16384,"cell_head_chars":4096},"cells_cut":0,"cells_raw":0,"read":"whole","date_system":"1900"}

{"sheet":"Orçamento Sintético","index":0,"n_rows":26,"n_cols":12,"rows_kept":26,"cut":false,"hidden":false,"merged":[[19,2,19,9],[17,2,17,9],[2,9,2,10],[11,2,11,9],[1,1,1,11],[9,1,10,1],[9,2,10,3],[9,4,10,4],[9,5,10,5],[9,6,10,6],[9,7,9,9],[9,10,10,10],[9,11,10,11],[2,1,8,4],[3,9,3,10],[4,7,7,7]]}
[]
[null,"PLANILHA ORÇAMENTÁRIA"]
[null,"Serviço: Contratação de Ensaios e Serviços Geotécnicos para retificação do projeto executivo do Sistema de Adutoras do Seridó Potiguar, no estado do Rio Grande do Norte (Trechos 1N, 2N, 4N e 5N)",{"$nulls":7},"BDI",null,"Com Desoneração"]
[{"$nulls":6},"Base de Preço:",null,null,{"$f":"BDI!E14","v":0.20929999999999999},null,{"$f":"BDI!#REF!","v":{"$error":"#REF!"}}]
[{"$nulls":7},"SEINFRA - 028\nSIURB - 07/2023\nSIURB INFRA - 07/2023\nCPOS/CDHU - 08/2023\nCOMPESA - 01/2023"]
[]
[]
[]
[]
[null,"Item","Código",null,"DESCRIÇÃO","UND","QUANT","PREÇO UNITÁRIO",null,null,"PREÇO TOTAL","TOTAL COM DESONERAÇÃO    "]
[{"$nulls":7},"Custo Direto","BDI","Custo com BDI"]
[null,"1.0","Sondagem Mista",{"$nulls":7},{"$f":"SUM(K13:K17)","v":243877.17286500003},{"$f":"SUM(L13:L17)","v":0}]
[null,"1.1","01.21.090","CPOS","Sondagem Mista: (Des)Mobilização por trecho","un",4,{"$f":"'CPU''s'!J34","v":6440.38},{"$f":"$J$4","v":0.20929999999999999},{"$f":"(I13+1)*H13","v":7788.3515340000004},{"$f":"J13*G13","v":31153.406136000001}]
[null,"1.2","C0333","SEINFRA","Sondagem Mista: em rochas","m",{"$f":"39*3","v":117},{"$f":"'CPU''s'!J4","v":1251.98},{"$f":"$J$4","v":0.20929999999999999},{"$f":"(I14+1)*H14","v":1514.0194140000001},{"$f":"J14*G14","v":177140.27143800003}]
[null,"1.3","C0143","SEINFRA","Sondagem Mista: em solo (SPT)","m",{"$f":"39*2","v":78},{"$f":"'CPU''s'!J11","v":299.97000000000003},{"$f":"$J$4","v":0.20929999999999999},362.75372100000004,28294.790238000001]
[null,"1.4",200203,"SIURB","Sondagem Mista: Desloc/Instalação 0-200 m","un",27,{"$f":"'CPU''s'!J18","v":95.67},{"$f":"$J$4","v":0.20929999999999999},115.693731,3123.7307369999999]
[null,"1.5",200205,"SIURB","Sondagem Mista: Desloc/Instalação > 200 m","un",{"$f":"9+3","v":12},{"$f":"'CPU''s'!J26","v":287.01},{"$f":"$J$4","v":0.20929999999999999},347.08119299999998,4164.9743159999998]
[null,"2.0","Poço de Inspeção",{"$nulls":7},{"$f":"SUM(K19:K19)","v":145841.58000000002}]
[null,"2.1","GT3","CODE","Poços de Inspeção com retroescavadeira","m",{"$f":"134*2","v":268},450,{"$f":"$J$4","v":0.20929999999999999},{"$f":"(I19+1)*H19","v":544.18500000000006},{"$f":"J19*G19","v":145841.58000000002}]
[null,"3.0","Sondagem a Percussão SPT",{"$nulls":7},{"$f":"SUM(K21:K24)","v":112791.48355800001},{"$f":"SUM(L21:L21)","v":0}]
[null,"3.1","01.21.010","CPOS","Sondagem Percussão: (Des)Mobilização por trecho","un",4,{"$f":"'CPU''s'!J41","v":1249.33},{"$f":"$J$4","v":0.20929999999999999},{"$f":"(I21+1)*H21","v":1510.8147690000001},{"$f":"J21*G21","v":6043.2590760000003}]
[null,"3.2","01.02.02U","COMPESA","Sondagem Percussão: com SPT - Terrestre","m",{"$f":"142*2*2","v":568},{"$f":"'CPU''s'!J48","v":122.06},{"$f":"$J$4","v":0.20929999999999999},147.607158,83840.865743999995]
[null,"3.3",200203,"SIURB","Sondagem Percussão: Desloc/Instalação 0-200 m","un",114,{"$f":"'CPU''s'!J18","v":95.67},{"$f":"$J$4","v":0.20929999999999999},115.693731,13189.085333999999]
[null,"3.4",200205,"SIURB","Sondagem Percussão: Desloc/Instalação > 200m","un",28,{"$f":"'CPU''s'!J26","v":287.01},{"$f":"$J$4","v":0.20929999999999999},347.08119299999998,9718.2734039999996]
[]
[{"$nulls":10},{"$f":"K20+K18+K12","v":502510.23642300005}]

{"sheet":"CPU's","index":1,"n_rows":57,"n_cols":10,"rows_kept":57,"cut":false,"hidden":false,"merged":[[43,7,43,8],[46,4,46,5],[47,4,47,5],[48,4,48,5],[55,7,55,8],[49,4,49,5],[50,4,50,5],[51,4,51,5],[52,4,52,5],[53,4,53,5],[34,4,34,5],[36,7,36,8],[39,4,39,5],[40,4,40,5],[41,4,41,5],[26,4,26,5],[27,4,27,5],[29,7,29,8],[32,4,32,5],[33,4,33,5],[18,4,18,5],[19,4,19,5],[21,7,21,8],[24,4,24,5],[25,4,25,5],[10,4,10,5],[11,4,11,5],[13,7,13,8],[16,4,16,5],[17,4,17,5],[2,4,2,5],[3,4,3,5],[4,4,4,5],[6,7,6,8],[9,4,9,5]]}
[]
[]
[" 1 ","Código","Banco","Descrição","Tipo",null,"Und","Quant.","Valor Unit","Total"]
["Composição"," C0333 ","SEINFRA","SERVIÇOS DE SONDAGEM GEOTÉCNICA MISTA EM ROCHA","SONDAGENS",null,"M",1,1251.98,1251.98]
["Insumo"," I0454 ","SEINFRA","SERVIÇOS DE SONDAGEM GEOTÉCNICA MISTA EM ROCHA","Serviços",null,"M",1,1251.98,1251.98]
[{"$nulls":4},"MO sem LS =>",0,"LS =>",0,"MO com LS =>",0]
[{"$nulls":4},"Valor do BDI =>",0,null,"Valor com BDI =>",null,1251.98]
[{"$nulls":6},"Quant. =>",1,"Preço Total =>",1251.98]
[]
[" 2 ","Código","Banco","Descrição","Tipo",null,"Und","Quant.","Valor Unit","Total"]
["Composição"," C0143 ","SEINFRA","SERVIÇOS DE SONDAGEM GEOTÉCNICA MISTA EM SOLOS","SONDAGENS",null,"M",1,299.97000000000003,299.97000000000003]
["Insumo"," I0412 ","SEINFRA","SERVIÇOS DE SONDAGEM GEOTÉCNICA MISTA EM SOLOS","Serviços",null,"M",1,299.97000000000003,299.97000000000003]
[{"$nulls":4},"MO sem LS =>",0,"LS =>",0,"MO com LS =>",0]
[{"$nulls":4},"Valor do BDI =>",0,null,"Valor com BDI =>",null,299.97000000000003]
[{"$nulls":6},"Quant. =>",1,"Preço Total =>",299.97000000000003]
[]
[" 3 ","Código","Banco","Descrição","Tipo",null,"Und","Quant.","Valor Unit","Total"]
["Composição"," 200203 ","SIURB","DESLOCAMENTO DE EQUIPAMENTO ENTRE FUROS EM TERRENO PLANO, CONSIDERANDO A DISTÂNCIA ATÉ 100M, PARA SONDAGEM A PERCUSSÃO","Edificações",null,"UN",1,95.67,95.67]
["Insumo"," 1182 ","SIURB","SONDADOR (SGSP)","Mão de Obra",null,"H",1,46.95,46.95]
["Insumo"," 1003 ","SIURB","AJUDANTE GERAL (SGSP)","Mão de Obra",null,"H",2,24.36,48.72]
[{"$nulls":4},"MO sem LS =>",95.67,"LS =>",0,"MO com LS =>",95.67]
[{"$nulls":4},"Valor do BDI =>",0,null,"Valor com BDI =>",null,95.67]
[{"$nulls":6},"Quant. =>",1,"Preço Total =>",95.67]
[]
[" 4 ","Código","Banco","Descrição","Tipo",null,"Und","Quant.","Valor Unit","Total"]
["Composição"," 200205 ","SIURB","DESLOCAMENTO DE EQUIPAMENTO ENTRE FUROS EM TERRENO PLANO, CONSIDERANDO A DISTÂNCIA ACIMA DE 200M, PARA SONDAGEM A PERCUSSÃO","Edificações",null,"UN",1,287.01,287.01]
["Insumo"," 1182 ","SIURB","SONDADOR (SGSP)","Mão de Obra",null,"H",3,46.95,140.85]
["Insumo"," 1003 ","SIURB","AJUDANTE GERAL (SGSP)","Mão de Obra",null,"H",6,24.36,146.16]
[{"$nulls":4},"MO sem LS =>",287.01,"LS =>",0,"MO com LS =>",287.01]
[{"$nulls":4},"Valor do BDI =>",0,null,"Valor com BDI =>",null,287.01]
[{"$nulls":6},"Quant. =>",1,"Preço Total =>",287.01]
[]
[" 5 ","Código","Banco","Descrição","Tipo",null,"Und","Quant.","Valor Unit","Total"]
["Composição"," 01.21.090 ","CPOS/CDHU","Taxa de mobilização e desmobilização de equipamentos para execução de sondagem rotativa",1.21,null,"TX",1,6440.38,6440.38]
["Insumo"," A.07.000.020350 ","CPOS/CDHU","Taxa de mobilização e desmobilização de equipamentos para execução de sondagem rotativa","Material",null,"TX",1,6440.38,6440.38]
[{"$nulls":4},"MO sem LS =>",0,"LS =>",0,"MO com LS =>",0]
[{"$nulls":4},"Valor do BDI =>",0,null,"Valor com BDI =>",null,6440.38]
[{"$nulls":6},"Quant. =>",1,"Preço Total =>",6440.38]
[]
[" 6 ","Código","Banco","Descrição","Tipo",null,"Und","Quant.","Valor Unit","Total"]
["Composição"," 01.21.010 ","CPOS/CDHU","Taxa de mobilização e desmobilização de equipamentos para execução de sondagem",1.21,null,"TX",1,1249.33,1249.33]
["Insumo"," A.07.000.020476 ","CPOS/CDHU","Taxa de mobilização e desmobilização de equipamentos para execução de sondagem","Material",null,"TX",1,1249.33,1249.33]
[{"$nulls":4},"MO sem LS =>",0,"LS =>",0,"MO com LS =>",0]
[{"$nulls":4},"Valor do BDI =>",0,null,"Valor com BDI =>",null,1249.33]
[{"$nulls":6},"Quant. =>",1,"Preço Total =>",1249.33]
[]
[" 7 ","Código","Banco","Descrição","Tipo",null,"Und","Quant.","Valor Unit","Total"]
["Composição"," 01.02.02U ","COMPESA","SONDAGEM A PERCUSSÃO SPT, INCLUSIVE LAUDO (PROFUNDIDADE MÍNIMA DE 8,00 M, POR FURO).","",null,"M",1,122.06,122.06]
["Composição Auxiliar"," 100533 ","SINAPI","TECNICO DE EDIFICACOES COM ENCARGOS COMPLEMENTARES","SEDI - SERVIÇOS DIVERSOS",null,"H",0.375,36.76,13.78]
["Composição Auxiliar"," 88316 ","SINAPI","SERVENTE COM ENCARGOS COMPLEMENTARES","SEDI - SERVIÇOS DIVERSOS",null,"H",0.53300000000000003,19.760000000000002,10.53]
["Composição Auxiliar"," 88322 ","SINAPI","TÉCNICO DE SONDAGEM COM ENCARGOS COMPLEMENTARES","SEDI - SERVIÇOS DIVERSOS",null,"H",1.0660000000000001,49.32,52.57]
["Composição Auxiliar"," 90773 ","SINAPI","DESENHISTA COPISTA COM ENCARGOS COMPLEMENTARES","SEDI - SERVIÇOS DIVERSOS",null,"H",0.13300000000000001,36.880000000000003,4.9000000000000004]
["Insumo"," 990113U ","COMPESA","VAN COM COMBUSTIVEL, MANUTENÇÃO E SEGURO","Outros",null,"H",0.33,53.74,17.73]
["Insumo"," 990214U ","COMPESA","MATERIAIS E EQUIPAMENTOS PARA SONDAGEM","Outros",null,"H",1,22.55,22.55]
[{"$nulls":4},"MO sem LS =>",75.709999999999994,"LS =>",0,"MO com LS =>",75.709999999999994]
[{"$nulls":4},"Valor do BDI =>",0,null,"Valor com BDI =>",null,122.06]
[{"$nulls":6},"Quant. =>",1,"Preço Total =>",122.06]

{"sheet":"Encargos Sociais","index":2,"n_rows":39,"n_cols":9,"rows_kept":39,"cut":false,"hidden":false,"merged":[[36,2,36,4],[37,2,37,4],[38,2,38,4],[29,2,29,4],[30,2,30,4],[31,2,31,4],[32,2,32,4],[33,2,33,4],[34,2,34,4],[28,2,28,4],[26,2,26,4],[27,2,27,4],[21,2,21,4],[35,2,35,4],[20,2,20,4],[22,2,22,4],[23,2,23,4],[24,2,24,4],[25,2,25,4],[15,2,15,4],[16,2,16,4],[17,2,17,4],[18,2,18,4],[19,2,19,4],[10,2,10,4],[11,2,11,4],[12,2,12,4],[13,2,13,4],[14,2,14,4],[6,1,7,4],[6,5,6,6],[6,7,6,8],[8,2,8,4],[9,2,9,4],[1,1,2,8],[3,1,3,4],[3,5,3,8],[4,1,4,8],[5,2,5,8]]}
[]
[null,"DETALHAMENTO DOS ENCARGOS SOCIAIS"]
[]
[null,"Encargos Sociais ",null,null,null,"Vigência a partir de 12/2022 - SINAPI "]
[null,"ENCARGOS SOCIAIS SOBRE MÃO DE OBRA "]
[]
[null,"DISCRIMINAÇÃO",null,null,null,"COM DESONERAÇÃO ",null,"SEM DESONERAÇÃO "]
[{"$nulls":5},"HORISTA %","MENSALISTA %","HORISTA %","MENSALISTA %"]
[null,"A","ENCARGOS SOCIAIS BÁSICOS",null,null,0.16799999999999998,0.16799999999999998,0.36800000000000005,0.36800000000000005]
[null,"A1","INSS ",null,null,0,0,0.2,0.2]
[null,"A2","SESI",null,null,1.4999999999999999E-2,1.4999999999999999E-2,1.4999999999999999E-2,1.4999999999999999E-2]
[null,"A3","SENAI ",null,null,0.01,0.01,0.01,0.01]
[null,"A4","INCRA",null,null,2E-3,2E-3,2E-3,2E-3]
[null,"A5","SEBRAE",null,null,6.0000000000000001E-3,6.0000000000000001E-3,6.0000000000000001E-3,6.0000000000000001E-3]
[null,"A6","Saário Educação ",null,null,2.5000000000000001E-2,2.5000000000000001E-2,2.5000000000000001E-2,2.5000000000000001E-2]
[null,"A7","Seguro Contra Acidentes de Trabalho ",null,null,0.03,0.03,0.03,0.03]
[null,"A8","FGTS",null,null,0.08,0.08,0.08,0.08]
[null,"A9","SECONCI",null,null,0,0,0,0]
[null,"B"," ENCARGOS SOCIAIS QUE RECEBEM INCIDÊNCIA DE \"A\"",null,null,0.50439999999999996,0.19659999999999997,0.50439999999999996,0.19659999999999997]
[null,"B1","Repouso Semanal Remunerado ",null,null,0.1799,"Não incide",0.1799,"Não incide"]
[null,"B2","Feriados ",null,null,4.2799999999999998E-2,"Não incide",4.2799999999999998E-2,"Não incide"]
[null,"B3","Axílio - Enfermidade ",null,null,8.8000000000000005E-3,6.6E-3,8.8000000000000005E-3,6.6E-3]
[null,"B4","13º Salário ",null,null,0.11169999999999999,8.3299999999999999E-2,0.11169999999999999,8.3299999999999999E-2]
[null,"B5","Licença Paternidade ",null,null,6.9999999999999999E-4,5.0000000000000001E-4,6.9999999999999999E-4,5.0000000000000001E-4]
[null,"B6","Faltas Justificadas ",null,null,7.4000000000000003E-3,5.5999999999999999E-3,7.4000000000000003E-3,5.5999999999999999E-3]
[null,"B7","Dias de chuva ",null,null,1.83E-2,"Não incide",1.83E-2,"Não incide"]
[null,"B8","Auxílio Acidente de Trabalho ",null,null,1.1000000000000001E-3,8.0000000000000004E-4,1.1000000000000001E-3,8.0000000000000004E-4]
[null,"B9","Férias Gozadas ",null,null,0.1333,9.9500000000000005E-2,0.1333,9.9500000000000005E-2]
[null,"B10","Salário Maternidade",null,null,4.0000000000000002E-4,2.9999999999999997E-4,4.0000000000000002E-4,2.9999999999999997E-4]
[null,"C"," ENCARGOS SOCIAIS QUE NÃO RECEBEM INCIDÊNCIA DE \"A\"",null,null,9.1899999999999996E-2,6.8699999999999997E-2,9.1899999999999996E-2,6.8699999999999997E-2]
[null,"C1","Aviso Prévio Indenizado",null,null,5.2400000000000002E-2,3.9100000000000003E-2,5.2400000000000002E-2,3.9100000000000003E-2]
[null,"C2","Aviso Prévio Trabalhado",null,null,1.1999999999999999E-3,8.9999999999999998E-4,1.1999999999999999E-3,8.9999999999999998E-4]
[null,"C3","Férias Indenizadas",null,null,8.3999999999999995E-3,6.3E-3,8.3999999999999995E-3,6.3E-3]
[null,"C4","Depósito Rescisão Sem Justa Causa",null,null,2.5499999999999998E-2,1.9099999999999999E-2,2.5499999999999998E-2,1.9099999999999999E-2]
[null,"C5","Indenização Adicional",null,null,4.4000000000000003E-3,3.3E-3,4.4000000000000003E-3,3.3E-3]
[null,"D"," REINCIDÊNCIAS",null,null,8.9099999999999999E-2,3.6299999999999999E-2,0.19019999999999998,7.5800000000000006E-2]
[null,"D1","Reincidência de \"A\" sobre \"B\"",null,null,8.4699999999999998E-2,3.3000000000000002E-2,0.18559999999999999,7.2300000000000003E-2]
[null,"D2","Reincidência de \"A\" sobre Aviso Prévio Trabalhado e reincidência do FGTS sobre Aviso Prévio Indenizado",null,null,4.4000000000000003E-3,3.3E-3,4.5999999999999999E-3,3.5000000000000001E-3]
[null,null,"ENCARGOS SOCIAIS",null,null,0.85339999999999994,0.46959999999999996,1.1545000000000001,0.70910000000000006]

{"sheet":"BDI","index":3,"n_rows":29,"n_cols":11,"rows_kept":29,"cut":false,"hidden":false,"merged":[[32,1,32,10],[34,1,34,10],[35,1,35,10],[0,2,0,5],[1,1,1,10],[2,1,2,10],[3,1,3,10],[33,1,33,10],[5,5,5,10],[6,5,6,10],[7,5,7,10],[8,5,8,10],[9,5,9,10],[10,5,10,10],[11,5,11,10],[26,1,26,10],[28,1,30,10]]}
[]
[null,"QUADRO DE COMPOSIÇÃO DA TAXA DE BDI"]
[]
[null,"Cálculo do BDI  - CONSTRUÇÃO DE RODOVIAS"]
[]
[null,"Item","1º quartil","3º quartil","Adotado","Identificação"]
[null,"AC",3.8,4.67,3.8,"Administração Central"]
[null,"S e G",0.32,0.74,0.32,"Seguro e Garantia"]
[null,"R",0.5,0.97,0.5,"Risco"]
[null,"DF",1.02,1.21,1.02,"Despesas Financeiras"]
[null,"L",6.64,8.69,6.64,"Lucro"]
[null,"T",null,null,{"$f":"C23","v":8.65},"Tributos *"]
[]
[null,null,null,"TOTAL",{"$f":"SUM(E7:E12)/100","v":0.20929999999999999},"BDI A SER ADOTADO"]
[null,null,""]
[]
[null,"* TRIBUTOS","%"]
[null,"PIS",0.65]
[null,"COFINS",3]
[null,"CPRB",0]
[null,"ISS",5]
[null,"FE",0]
[null,"Total",8.65]
[null,"Declaramos que, conforme legislação tributária municipal, a base de cálculo do ISS é de",{"$nulls":8},1]
[null,"sobre o valor da obra e a alíquota do ISS aplicável no Município é de ",{"$nulls":5},0.05,null,"← (limitado a 5,00%)"]
[]
[null,"FÓRMULA"]
[]
[null,"BDI calculado pela expressão:\nBDI = { [ (1+AC+S+R+G) x (1+DF) x (1+L) / (1-T)] -1}"]

{"sheet":"Cronograma","index":4,"n_rows":15,"n_cols":10,"rows_kept":15,"cut":false,"hidden":false,"merged":[[0,1,1,2],[11,1,12,2],[13,1,14,2],[8,1,9,1],[8,2,9,2],[4,1,5,1],[4,2,5,2],[6,1,7,1],[6,2,7,2]]}
[null,"CRONOGRAMA FÍSICO-FINANCEIRO"]
[]
[]
[null,null,null,"Mês 1","Mês 2","Mês 3","Mês 4","Mês 5","Mês 6"]
[null,"Sondagem Mista",{"$f":"'Orçamento Sintético'!K12","v":243877.17286500003},{"$f":"D6*$C$5","v":24387.717286500003},{"$f":"E6*$C$5","v":48775.434573000006},48775.434573000006,48775.434573000006,48775.434573000006,24387.717286500003,{"$f":"SUM(D5:I5)","v":243877.17286500003}]
[null,null,null,0.1,0.2,0.2,0.2,0.2,0.1,0.99999999999999989]
[null,"Poço de Inspeção",{"$f":"'Orçamento Sintético'!K18","v":145841.58000000002},{"$f":"D8*$C$7","v":14584.158000000003},{"$f":"E8*$C$7","v":29168.316000000006},29168.316000000006,29168.316000000006,29168.316000000006,14584.158000000003,145841.58000000002]
[null,null,null,0.1,0.2,0.2,0.2,0.2,0.1,0.99999999999999989]
[null,"Sondagem a Percussão SPT",{"$f":"'Orçamento Sintético'!K20","v":112791.48355800001},{"$f":"D10*$C$9","v":11279.148355800002},{"$f":"E10*$C$9","v":22558.296711600004},22558.296711600004,22558.296711600004,22558.296711600004,11279.148355800002,112791.48355800002]
[null,null,null,0.1,0.2,0.2,0.2,0.2,0.1,0.99999999999999989]
[]
[null,"NO MÊS",null,{"$f":"D5+D7+D9","v":50251.02364230001},{"$f":"E5+E7+E9","v":100502.04728460002},100502.04728460002,100502.04728460002,100502.04728460002,50251.02364230001,{"$f":"SUM(D12:I12)","v":502510.23642300011}]
[null,null,null,{"$f":"D12/SUM($C$5:$C$10)","v":0.1},{"$f":"E12/SUM($C$5:$C$10)","v":0.2},0.2,0.2,0.2,0.1,{"$f":"SUM(D13:I13)","v":0.99999999999999989}]
[null,"ACUMULADO",null,{"$f":"D12","v":50251.02364230001},{"$f":"D14+E12","v":150753.07092690002},251255.11821150006,351757.16549610009,452259.21278070012,502510.23642300011]
[null,null,null,{"$f":"D13","v":0.1},0.30000000000000004,0.5,0.7,0.89999999999999991,0.99999999999999989]